MESTSKÁ KNIŽNICA GIRALTOVCE  - online katalóg 

Normal view MARC view

Entry Personal Name

Number of records used in: 1

001 - CONTROL NUMBER

  • control field: 2631

003 - CONTROL NUMBER IDENTIFIER

  • control field: OSt

005 - DATE AND TIME OF LATEST TRANSACTION

  • control field: 20220131131515.0

008 - FIXED-LENGTH DATA ELEMENTS

  • fixed length control field: 220131|| aca||aabn | a|a d

040 ## - CATALOGING SOURCE

  • Original cataloging agency: OSt
  • Transcribing agency: OSt

100 ## - HEADING--PERSONAL NAME

  • Personal name: Eštoková, Alica
  • Titles and other words associated with a name: (spisovateľka)

670 ## - SOURCE DATA FOUND

  • Source citation: Work cat.: (OSt)0: Eštoková, Alica (spisovateľka) aut, Kým je čas

Powered by Koha